000
00263nam a22001217a 4500
008
180222b xxu||||| |||| 00| 0 eng d
041
_a
eng
080
_a
615
100
_a
5
101
_a
far
245
_a
physicianc desk reference
_c
levin.l
942
_2
udc
_c
BK
999
_c
43220
_d
43220